000 01120nam a2200313 a 4500
001 000022416
003 DO-SdBNP
005 20251120105504.0
007 ta
008 101008s2009 dr a 000 0 spa d
020 _a9789945140821
040 _aDO-SdBNP
_bspa
_cBNPHU
049 _aBNPD
082 4 _a345.05
_bM491m, 2009
_222
100 1 _aMedina, Daira
_d1976-
_946213
245 1 0 _aManual del litigante dominicano en materia procesal penal /
_cDaira Medina ; prólogo Luis Mariano Negrón Portillo.
250 _a2a ed. corr. y aum.
260 _aSanto Domingo :
_bCorripio,
_c2009.
300 _a697 p. ;
_c23 cm.
500 _aIncluye datos biográficos del autor en la contraportada
504 _aBibliografía : 693-697
590 _aLa biblioteca posee 2 ejemplares autografíado por el autor
650 4 _aDerecho penal
_zRepública Dominicana
_916470
650 4 _aProcedimiento penal
_zRepublica Dominicana
_914474
650 0 _aPrueba penal
_927178
650 4 _aDerecho procesal
_zRepublica Dominicana
_913091
700 1 _aNegrón Portillo, Luis Mariano,
_epról.
_946214
942 _2ddc
_cLBS1
999 _c21914
_d21914